| 000 | 00680cam a22002052 4500 | ||
|---|---|---|---|
| 001 | 0000008808 | ||
| 005 | 20151217152042.0 | ||
| 008 | 080609s xx 000 0 eng d | ||
| 020 |
_a1846040641 : _cKES 1195 |
||
| 040 |
_aKABU _cKABU |
||
| 100 | 1 |
_aAllen, John. _@0000159575 |
|
| 245 | 1 | 0 |
_aRabble-Rouser for peace : _bthe authorized biography of Desmond Tutu / _cJohn Allen. |
| 260 |
_aLondon : _bRandom House, _c2006. |
||
| 300 | _a481 p. | ||
| 650 | 0 |
_aTutu, Desmond. _@0000159576 |
|
| 650 | 0 |
_aChurch of the Province of South Africa _vBiography _xBishops. _@0000159577 |
|
| 852 | 1 | _9p1195 KES | |
| 908 | _a080609 | ||
| 950 | _@1 | ||
| 999 |
_c7735 _d7735 |
||